00489cam a22001457a 4500008004000000020001500040082001400055100002000069245005700089260002800146300001400174500007300188650003700261650004500298180718b1993 xxu||||| |||| 00| 0 eng d a0631185216 aT47 In893 aIckes, Barry W. aSaving in Eastern Europe and the former Soviet Union aOxfordbBlackwellc1993 ap.209-237 a[In] World savings: an international survey edited by Arnold Heertje aSaving and Investment - U.S.S.R. aSavings and Investment - Europe, Eastern